000 00974nam a22002177a 4500
005 20250623155920.0
010 _aB-768263-299 BACEN25
020 _a9789364371346
_c375.00
035 _aB-768263-299
037 _bpragati
082 _a000
100 _aDixit,sanjeev
_982233
245 _aArihant Study package RRBs( railway recruitment boards) NTPC non technical popular categories:
_bonline exam (Ist StageI) 2024 /
_cSanjeev dixit,sushil singh & pradeep srivastava
260 _aNew Delhi
_bArihant
_c2024
270 _a'Ramchhaya' 4577/15, Agarwal Road, Daryaganj
_bNew Delhi
_e110002
300 _aVP.:
_bill.
_c27cm(Pbk)
700 _asushil singh
_977907
700 _asrivastava, pradeep
_977908
942 _2ddc
_cEN
_h000
_mDIX
999 _c209278
_d209278